[Event "Madrid-ch 2018-2019 - Previa A"]
[Site "Madrid ESP"]
[Date "2019.02.04"]
[Round "1.22"]
[White "Rueda Maria, Ramiro"]
[Black "De Juan Rivas, Antonio"]
[Result "1-0"]
[WhiteElo "1820"]
[BlackElo "1541"]
[PlyCount "81"]
[EventDate "2019.02.04"]
[EventType "swiss"]
[EventRounds "9"]
[EventCountry "ESP"]
[SourceTitle "Ajedrez en Madrid"]
[Source "lmi"]
[SourceDate "2019.02.04"]
[SourceVersion "1"]
[SourceVersionDate "2019.02.22"]
[SourceQuality "1"]

1. Nf3 g6 2. g3 Bg7 3. Bg2 d6 4. O-O Nf6 5. d4 O-O 6. c4 c5 7. Nc3 a6 8. dxc5
dxc5 9. Be3 Nbd7 10. Qd2 Ng4 11. Rfd1 Nxe3 12. Qxe3 e6 13. Rd2 Qc7 14. Rad1 Rb8
15. a4 b6 16. Ne4 Ne5 17. Nd6 Ng4 18. Qb3 Bb7 19. Nxb7 Qxb7 20. h4 Nh6 21. Ne5
Qe7 22. Nd7 Nf5 23. Nxb8 Rxb8 24. e3 Qf6 25. Qd3 Qe7 26. b3 Bf8 27. Qe4 Qf6 28.
Qf4 e5 29. Qf3 Qg7 30. Rd7 Re8 31. Qb7 Qf6 32. Qc6 Qxc6 33. Bxc6 Re6 34. Be4
Rd6 35. Bxf5 Rxd1+ 36. Rxd1 gxf5 37. Rd8 Kg7 38. Rb8 f4 39. exf4 exf4 40. gxf4
Bd6 41. Rxb6 1-0

[Event "Madrid-ch 2018-2019 - Previa A"]
[Site "Madrid ESP"]
[Date "2019.02.04"]
[Round "1.23"]
[White "Cumita Waschke, Fran"]
[Black "De Luna Butz, Alberto"]
[Result "0-1"]
[WhiteElo "1529"]
[BlackElo "1813"]
[PlyCount "90"]
[EventDate "2019.02.04"]
[EventType "swiss"]
[EventRounds "9"]
[EventCountry "ESP"]
[SourceTitle "Ajedrez en Madrid"]
[Source "lmi"]
[SourceDate "2019.02.04"]
[SourceVersion "1"]
[SourceVersionDate "2019.02.22"]
[SourceQuality "1"]

1. d4 c5 2. Nf3 cxd4 3. Nxd4 d5 4. Bg5 Qb6 5. Nb3 e6 6. Be3 Qc7 7. c3 Nf6 8.
N1d2 Bd6 9. Bg5 Bxh2 10. Bxf6 gxf6 11. e3 Bd6 12. Qg4 f5 13. Qf3 Nc6 14. Bd3
Ne5 15. Qe2 Nxd3+ 16. Qxd3 Bd7 17. Nf3 h6 18. Qd4 Rh7 19. Ng5 Be5 20. Qb4 Rh8
21. Nf3 Bf6 22. Nbd4 O-O-O 23. a4 a6 24. Ne2 e5 25. Rc1 Qc4 26. b3 Qxb4 27.
cxb4+ Kb8 28. Rc5 Be6 29. b5 Rc8 30. Rxc8+ Kxc8 31. bxa6 bxa6 32. b4 Kb7 33.
Nc1 Kb6 34. Nd2 Be7 35. Nd3 e4 36. Nc5 Bxc5 37. bxc5+ Kxc5 38. Ke2 Kb4 39. Ra1
Bd7 40. a5 Bb5+ 41. Ke1 Rc8 42. Nb1 Bd3 43. Na3 Rc3 44. Nb1 Rc1+ 45. Kd2 Rxb1
0-1

[Event "Madrid-ch 2018-2019 - Previa A"]
[Site "Madrid ESP"]
[Date "2019.02.04"]
[Round "1.24"]
[White "Roldan Garcia, Angel"]
[Black "Ramos Antona, Enrique"]
[Result "1-0"]
[WhiteElo "1794"]
[BlackElo "1521"]
[PlyCount "69"]
[EventDate "2019.02.04"]
[EventType "swiss"]
[EventRounds "9"]
[EventCountry "ESP"]
[SourceTitle "Ajedrez en Madrid"]
[Source "lmi"]
[SourceDate "2019.02.04"]
[SourceVersion "1"]
[SourceVersionDate "2019.02.22"]
[SourceQuality "1"]

1. e4 d6 2. Nf3 g6 3. d4 Bg7 4. Nc3 c6 5. Be2 Bg4 6. O-O Bxf3 7. Bxf3 e5 8. Be3
Nd7 9. Qd2 Ngf6 10. Rfd1 O-O 11. Be2 Ne8 12. d5 Qc7 13. dxc6 bxc6 14. Bc4 Nb6
15. Bb3 Rd8 16. a4 Kh8 17. a5 Nc8 18. Qe2 f5 19. Bg5 Ne7 20. Qc4 h6 21. Bxe7
Qxe7 22. Qxc6 Nc7 23. Qb7 a6 24. Nd5 Nxd5 25. Bxd5 Qxb7 26. Bxb7 Rb8 27. Bxa6
fxe4 28. b3 Rf6 29. Bc4 Rbf8 30. Rf1 e3 31. fxe3 e4 32. Rxf6 Rxf6 33. Rf1 Rxf1+
34. Kxf1 d5 35. a6 1-0

[Event "Madrid-ch 2018-2019 - Previa A"]
[Site "Madrid ESP"]
[Date "2019.02.04"]
[Round "1.25"]
[White "Castro Uceda, Jose Antonio"]
[Black "Rodriguez Garcia, Alberto"]
[Result "0-1"]
[WhiteElo "1518"]
[BlackElo "1792"]
[PlyCount "88"]
[EventDate "2019.02.04"]
[EventType "swiss"]
[EventRounds "9"]
[EventCountry "ESP"]
[SourceTitle "Ajedrez en Madrid"]
[Source "lmi"]
[SourceDate "2019.02.04"]
[SourceVersion "1"]
[SourceVersionDate "2019.02.22"]
[SourceQuality "1"]

1. d4 Nf6 2. Bf4 e6 3. e3 d5 4. c3 Bd6 5. Bg3 b6 6. Nf3 O-O 7. Bd3 Bb7 8. Nbd2
c5 9. O-O Bxg3 10. fxg3 Nbd7 11. Qc2 Qc7 12. Rae1 h6 13. Qb1 e5 14. e4 Rfe8 15.
Kh1 Rad8 16. Kg1 Qd6 17. Bb5 cxd4 18. Bxd7 Qxd7 19. cxd4 dxe4 20. Nxe4 Bxe4 21.
Rxe4 Nxe4 22. Qxe4 exd4 23. Qd3 Qd5 24. Nh4 Qe4 25. Qc4 Qe6 26. Qb4 d3 27. Nf5
d2 28. Qg4 Qg6 29. Qd1 Re1 30. Rxe1 dxe1=Q+ 31. Qxe1 Qxf5 32. h3 Qc2 33. Qe5
Rd2 34. Qb8+ Kh7 35. Qa8 Qd1+ 36. Kh2 Qe2 37. b3 Rxa2 38. Qd5 Qxg2+ 39. Qxg2
Rxg2+ 40. Kxg2 a5 41. Kf3 b5 42. Ke3 a4 43. bxa4 bxa4 44. Kd3 Kg6 0-1

[Event "Madrid-ch 2018-2019 - Previa A"]
[Site "Madrid ESP"]
[Date "2019.02.04"]
[Round "1.26"]
[White "Cruz Gonzalez, Antonio"]
[Black "Enriquez Pastor, Jorge"]
[Result "1-0"]
[WhiteElo "1790"]
[BlackElo "1492"]
[PlyCount "101"]
[EventDate "2019.02.04"]
[EventType "swiss"]
[EventRounds "9"]
[EventCountry "ESP"]
[SourceTitle "Ajedrez en Madrid"]
[Source "lmi"]
[SourceDate "2019.02.04"]
[SourceVersion "1"]
[SourceVersionDate "2019.02.22"]
[SourceQuality "1"]

1. e4 e6 2. g4 d5 3. Bg2 c5 4. d3 Be7 5. exd5 exd5 6. h3 Be6 7. Ne2 Bg5 8. Nf4
Bxf4 9. Bxf4 Qf6 10. Qc1 Qd4 11. O-O Ne7 12. Be3 Qb4 13. a3 Qb6 14. b4 d4 15.
bxc5 Qd8 16. Bf4 Bd5 17. Bd6 Bxg2 18. Re1 Nbc6 19. Kxg2 O-O 20. Nd2 Re8 21. Nc4
Nd5 22. Qd2 Qf6 23. Re4 Rxe4 24. dxe4 Nc3 25. Re1 Qe6 26. Qd3 Nb5 27. Bg3 Qe7
28. Nd6 Nc3 29. Qc4 Rf8 30. Qb3 Nd8 31. Qb4 Ne6 32. Nxb7 Rc8 33. Bd6 Qg5 34. f4
Qh4 35. Rf1 Nxe4 36. Qe1 Qxe1 37. Rxe1 Nc3 38. f5 Ng5 39. Be5 Re8 40. Nd6 Re7
41. c6 Nd5 42. Rb1 Nb6 43. Bxd4 Re2+ 44. Kg3 Rd2 45. Bxb6 Rxd6 46. Bc7 Ne4+ 47.
Kf4 Kf8 48. Bxd6+ Nxd6 49. Rb8+ Ke7 50. Rb7+ Kd8 51. Rd7+ 1-0

[Event "Madrid-ch 2018-2019 - Previa A"]
[Site "Madrid ESP"]
[Date "2019.02.04"]
[Round "1.27"]
[White "Becerra Baigorri, Jose"]
[Black "Corral Aragon, Juan Maria"]
[Result "0-1"]
[WhiteElo "1479"]
[BlackElo "1789"]
[PlyCount "84"]
[EventDate "2019.02.04"]
[EventType "swiss"]
[EventRounds "9"]
[EventCountry "ESP"]
[SourceTitle "Ajedrez en Madrid"]
[Source "lmi"]
[SourceDate "2019.02.04"]
[SourceVersion "1"]
[SourceVersionDate "2019.02.22"]
[SourceQuality "1"]

1. e4 c6 2. d4 d5 3. Nc3 dxe4 4. Nxe4 Bf5 5. Ng3 Bg6 6. Nf3 Nd7 7. Bd3 e6 8.
Bxg6 hxg6 9. Qd3 Be7 10. Bd2 a5 11. h3 a4 12. a3 Qb6 13. O-O Nh6 14. c4 Qa6 15.
Qc2 O-O 16. Bb4 c5 17. dxc5 Bxc5 18. Rfd1 Bxb4 19. axb4 Nf6 20. Rd3 Rfc8 21.
Rc3 b5 22. Rc1 bxc4 23. Rxc4 Rxc4 24. Qxc4 Qb6 25. Ra1 Nd5 26. b5 Qa5 27. Ne5
Nb6 28. Qe2 Nd5 29. Nxg6 Rb8 30. Ne5 Rxb5 31. Nd3 Nb4 32. Nxb4 Rxb4 33. Qc2 Qb5
34. Qc8+ Kh7 35. Qc2+ g6 36. Ra3 Rxb2 37. Qxa4 Rb1+ 38. Kh2 Qe5 39. Re3 Qb2 40.
Ne4 Qc1 41. Ng5+ Kg8 42. Qe8+ Kg7 0-1

[Event "Madrid-ch 2018-2019 - Previa A"]
[Site "Madrid ESP"]
[Date "2019.02.04"]
[Round "1.29"]
[White "Suarez Mencia, Roberto"]
[Black "Fernandez Rios, Jose Francisco"]
[Result "0-1"]
[WhiteElo "1388"]
[BlackElo "1780"]
[PlyCount "56"]
[EventDate "2019.02.04"]
[EventType "swiss"]
[EventRounds "9"]
[EventCountry "ESP"]
[SourceTitle "Ajedrez en Madrid"]
[Source "lmi"]
[SourceDate "2019.02.04"]
[SourceVersion "1"]
[SourceVersionDate "2019.02.22"]
[SourceQuality "1"]

1. c4 c5 2. g3 Nc6 3. Bg2 g6 4. e3 Bg7 5. Ne2 Nf6 6. d4 cxd4 7. exd4 d5 8. b3
O-O 9. Nbc3 e6 10. O-O Qd7 11. Bg5 h6 12. Bxf6 Bxf6 13. Rc1 dxc4 14. Bxc6 Qxc6
15. d5 exd5 16. Nxd5 Rd8 17. bxc4 Bh3 18. Re1 Kh7 19. Nef4 Bf5 20. Qf3 Bb2 21.
Rcd1 Re8 22. Qb3 Be5 23. Nb4 Qc8 24. Rd5 Bxf4 25. Red1 Bc7 26. Qc3 Qe6 27. Rd7
Rad8 28. Nd5 Be5 0-1

[Event "Madrid-ch 2018-2019 - Previa A"]
[Site "Madrid ESP"]
[Date "2019.02.04"]
[Round "1.30"]
[White "Jimenez Jimenez, Darfo"]
[Black "Olmos Rodriguez, Arcadio"]
[Result "1-0"]
[WhiteElo "1775"]
[BlackElo "1378"]
[PlyCount "25"]
[EventDate "2019.02.04"]
[EventType "swiss"]
[EventRounds "9"]
[EventCountry "ESP"]
[SourceTitle "Ajedrez en Madrid"]
[Source "lmi"]
[SourceDate "2019.02.04"]
[SourceVersion "1"]
[SourceVersionDate "2019.02.22"]
[SourceQuality "1"]

1. e4 c6 2. d4 d5 3. e5 c5 4. c3 Nc6 5. Bd3 cxd4 6. Nf3 Bg4 7. O-O Nxe5 8. Nxe5
Bxd1 9. Bb5+ Qd7 10. Bxd7+ Kd8 11. Rxd1 g6 12. Ba4 Bg7 13. Nxf7+ 1-0

[Event "Madrid-ch 2018-2019 - Previa A"]
[Site "Madrid ESP"]
[Date "2019.02.04"]
[Round "1.31"]
[White "Abad Martin-Camuñas, Luis"]
[Black "Garcia Sanz, Eduardo"]
[Result "0-1"]
[WhiteElo "1373"]
[BlackElo "1775"]
[PlyCount "80"]
[EventDate "2019.02.04"]
[EventType "swiss"]
[EventRounds "9"]
[EventCountry "ESP"]
[SourceTitle "Ajedrez en Madrid"]
[Source "lmi"]
[SourceDate "2019.02.04"]
[SourceVersion "1"]
[SourceVersionDate "2019.02.22"]
[SourceQuality "1"]

1. d4 d5 2. Bf4 e6 3. e3 c5 4. c3 Nc6 5. Nd2 cxd4 6. exd4 Bd6 7. Be3 Nge7 8.
Bd3 Nf5 9. Ngf3 Nxe3 10. fxe3 g5 11. O-O g4 12. Ne5 Bxe5 13. Qxg4 h5 14. Qf3
Bxh2+ 15. Kxh2 Qh4+ 16. Kg1 f5 17. Qf4 Qxf4 18. exf4 Bd7 19. Kf2 O-O-O 20. Rh1
Rdg8 21. Rae1 Rg4 22. g3 h4 23. Rxh4 Rhxh4 24. gxh4 Rxh4 25. Kg3 Rg4+ 26. Kf3
Ne7 27. Bxf5 exf5 28. Rxe7 Rg1 29. Re2 Bb5 30. Kf2 Rd1 31. c4 Bxc4 32. Nxc4
dxc4 33. Re5 Rxd4 34. Rxf5 Rd2+ 35. Ke3 Rxb2 36. Rc5+ Kd7 37. Rxc4 Rxa2 38. f5
b5 39. Re4 Ra1 40. Kf4 Ra4 0-1

[Event "Madrid-ch 2018-2019 - Previa A"]
[Site "Madrid ESP"]
[Date "2019.02.04"]
[Round "1.32"]
[White "Chidichimo, Pedro Jose Maria"]
[Black "Sierra Garcia, Ricardo"]
[Result "1-0"]
[WhiteElo "1769"]
[BlackElo "1371"]
[PlyCount "101"]
[EventDate "2019.02.04"]
[EventType "swiss"]
[EventRounds "9"]
[EventCountry "ESP"]
[SourceTitle "Ajedrez en Madrid"]
[Source "lmi"]
[SourceDate "2019.02.04"]
[SourceVersion "1"]
[SourceVersionDate "2019.02.22"]
[SourceQuality "1"]

1. e4 c5 2. Nc3 d6 3. f4 Nd7 4. Nf3 Ngf6 5. Bc4 e6 6. a4 Be7 7. d3 O-O 8. O-O
Nb6 9. Bb3 Bd7 10. a5 Nc8 11. Kh1 a6 12. Be3 Bc6 13. e5 Ne8 14. Na4 Bxa4 15.
Rxa4 b5 16. axb6 Nxb6 17. exd6 Bxd6 18. Ra2 Nd5 19. Qd2 Nec7 20. g3 Nxe3 21.
Qxe3 Nd5 22. Qe4 Nf6 23. Qc4 Qb6 24. Ng5 Nd5 25. Re1 Qb4 26. c3 Qxc4 27. Bxc4
Nc7 28. Ne4 Rfd8 29. Ra5 Be7 30. Nxc5 Bxc5 31. Rxc5 Nd5 32. Bxd5 Rxd5 33. Rxd5
exd5 34. Re5 Rd8 35. Kg2 f6 36. Re2 Kf7 37. Kf2 Rd6 38. Ke1 a5 39. Kd2 Ra6 40.
Re1 a4 41. Kc2 Re6 42. Rxe6 Kxe6 43. b4 Kd6 44. Kb2 Kc6 45. c4 d4 46. Ka3 g5
47. Kxa4 Kb6 48. b5 g4 49. Kb4 f5 50. c5+ Kc7 51. Kc4 1-0

[Event "Madrid-ch 2018-2019 - Previa A"]
[Site "Madrid ESP"]
[Date "2019.02.04"]
[Round "1.33"]
[White "Diaz Del Prado, Carlos"]
[Black "Jimenez Gonzalez, Marcos"]
[Result "0-1"]
[WhiteElo "1308"]
[BlackElo "1757"]
[PlyCount "64"]
[EventDate "2019.02.04"]
[EventType "swiss"]
[EventRounds "9"]
[EventCountry "ESP"]
[SourceTitle "Ajedrez en Madrid"]
[Source "lmi"]
[SourceDate "2019.02.04"]
[SourceVersion "1"]
[SourceVersionDate "2019.02.22"]
[SourceQuality "1"]

1. b3 d5 2. Bb2 Nf6 3. e3 c6 4. c4 Bf5 5. Nf3 e6 6. d4 Nbd7 7. Nbd2 Bd6 8. Be2
h6 9. O-O O-O 10. Ne5 Qe7 11. a3 a5 12. Bd3 Ne4 13. Qc2 Nxd2 14. Qxd2 Bxd3 15.
Qxd3 Nf6 16. c5 Bc7 17. b4 Nd7 18. Nf3 f5 19. b5 Nf6 20. b6 Bb8 21. Ne5 Bxe5
22. dxe5 Ne4 23. Bd4 Nxc5 24. Bxc5 Qxc5 25. Rab1 Qe7 26. f4 a4 27. Rf3 Ra6 28.
Rg3 c5 29. Qe2 Qf7 30. Rb5 Rc8 31. Qc2 c4 32. Rb4 Qe8 0-1

[Event "Madrid-ch 2018-2019 - Previa A"]
[Site "Madrid ESP"]
[Date "2019.02.04"]
[Round "1.34"]
[White "Valencia De Loma, Sergio"]
[Black "Fernandez Sanchez, Jose M"]
[Result "1-0"]
[WhiteElo "1757"]
[BlackElo "1151"]
[PlyCount "87"]
[EventDate "2019.02.04"]
[EventType "swiss"]
[EventRounds "9"]
[EventCountry "ESP"]
[SourceTitle "Ajedrez en Madrid"]
[Source "lmi"]
[SourceDate "2019.02.04"]
[SourceVersion "1"]
[SourceVersionDate "2019.02.22"]
[SourceQuality "1"]

1. d4 Nf6 2. Bg5 d5 3. Bxf6 gxf6 4. e3 e5 5. c4 Be6 6. c5 Nc6 7. Bb5 Qd7 8. Nf3
Bg4 9. h3 Bxf3 10. Qxf3 exd4 11. Qxf6 Rg8 12. exd4 Qe6+ 13. Qxe6+ fxe6 14. O-O
O-O-O 15. Bxc6 bxc6 16. Nd2 Bg7 17. Nf3 Rde8 18. Rfe1 Rgf8 19. Rad1 Rf5 20. b4
e5 21. dxe5 Bxe5 22. Nd4 Rf6 23. f4 Bxd4+ 24. Kh1 Be3 25. Rd3 d4 26. Rxd4 Bxd4
27. Rxe8+ Kd7 28. Re4 Bc3 29. g4 Re6 30. Rc4 Bb2 31. g5 Re2 32. f5 Ke7 33. Rh4
h6 34. Rxh6 Rf2 35. Rh7+ Kd8 36. Rf7 Ke8 37. g6 Rf3 38. Kg2 Ra3 39. Rxc7 Rxa2
40. Kf3 Kf8 41. h4 Bc3 42. Rc8+ Kg7 43. Rc7+ Kh6 44. Rh7# 1-0

[Event "Madrid-ch 2018-2019 - Previa A"]
[Site "Madrid ESP"]
[Date "2019.02.04"]
[Round "2.1"]
[White "Estevez Sacristan, Deva"]
[Black "Roldan Garcia, Angel"]
[Result "1-0"]
[WhiteElo "1952"]
[BlackElo "1794"]
[PlyCount "41"]
[EventDate "2019.02.04"]
[EventType "swiss"]
[EventRounds "9"]
[EventCountry "ESP"]
[SourceTitle "Ajedrez en Madrid"]
[Source "lmi"]
[SourceDate "2019.02.04"]
[SourceVersion "1"]
[SourceVersionDate "2019.02.22"]
[SourceQuality "1"]

1. e4 c5 2. Nf3 e6 3. d4 cxd4 4. Nxd4 Nc6 5. g3 a6 6. Bg2 Qc7 7. O-O Nf6 8. c4
Nxd4 9. Qxd4 Bc5 10. Qc3 e5 11. Bg5 Be7 12. Qd3 h6 13. Bxf6 Bxf6 14. Nc3 O-O
15. Nd5 Qd8 16. c5 Be7 17. b4 Re8 18. Nb6 Rb8 19. Bh3 Qc7 20. Rfd1 Rd8 21. Nd5
1-0

[Event "Madrid-ch 2018-2019 - Previa A"]
[Site "Madrid ESP"]
[Date "2019.02.04"]
[Round "2.2"]
[White "Rodriguez Garcia, Alberto"]
[Black "Viñas Lopez, Carlos"]
[Result "1-0"]
[WhiteElo "1792"]
[BlackElo "1942"]
[PlyCount "145"]
[EventDate "2019.02.04"]
[EventType "swiss"]
[EventRounds "9"]
[EventCountry "ESP"]
[SourceTitle "Ajedrez en Madrid"]
[Source "lmi"]
[SourceDate "2019.02.04"]
[SourceVersion "1"]
[SourceVersionDate "2019.02.22"]
[SourceQuality "1"]

1. d4 Nf6 2. c4 e5 3. dxe5 Ng4 4. Bf4 Nc6 5. Nf3 Bb4+ 6. Nbd2 Qe7 7. e3 Ngxe5
8. Nxe5 Nxe5 9. a3 Bd6 10. Ne4 Nd3+ 11. Bxd3 Bxf4 12. exf4 f5 13. Qh5+ g6 14.
Qe2 fxe4 15. Qxe4 Qxe4+ 16. Bxe4 O-O 17. Bd5+ Kg7 18. g3 Re8+ 19. Kd2 c6 20.
Bg2 d6 21. Rhe1 Bd7 22. Re3 Rad8 23. Rae1 Kf7 24. Kc3 a5 25. Kb3 Be6 26. Kc3
Bd7 27. Rxe8 Rxe8 28. Rxe8 Kxe8 29. b4 axb4+ 30. axb4 b6 31. Be4 Ke7 32. Kd4
c5+ 33. Kc3 Kf6 34. f3 h6 35. bxc5 dxc5 36. h4 Be6 37. Bd3 Bd7 38. Kd2 Bc6 39.
Be4 Bd7 40. Bd5 b5 41. cxb5 Bxb5 42. Be4 Bd7 43. Kc3 Be6 44. Kd3 Ba2 45. Bc6
Bb3 46. Bb5 Bd5 47. Ke3 Ke7 48. Bd3 Kf6 49. Be4 Bb3 50. g4 Be6 51. g5+ Kg7 52.
Kd3 h5 53. Kc3 Bf7 54. f5 gxf5 55. Bxf5 Kf8 56. Bd3 Ke7 57. f4 Kd6 58. Bc4 Bg6
59. Kd2 Be8 60. Ke3 Bg6 61. Kf3 Ke7 62. Bd5 Kd6 63. Be4 Bf7 64. g6 Bg8 65. Ke3
Ke6 66. Bf3 Kf5 67. Bxh5 Bc4 68. Be2 Bxe2 69. Kxe2 Kxg6 70. Kd3 Kf5 71. h5 Kf6
72. Kc4 Kg7 73. f5 1-0

[Event "Madrid-ch 2018-2019 - Previa A"]
[Site "Madrid ESP"]
[Date "2019.02.04"]
[Round "2.3"]
[White "Corral Aragon, Juan Maria"]
[Black "Bello Burguet, Glenier Lazaro"]
[Result "0-1"]
[WhiteElo "1789"]
[BlackElo "1934"]
[PlyCount "108"]
[EventDate "2019.02.04"]
[EventType "swiss"]
[EventRounds "9"]
[EventCountry "ESP"]
[SourceTitle "Ajedrez en Madrid"]
[Source "lmi"]
[SourceDate "2019.02.04"]
[SourceVersion "1"]
[SourceVersionDate "2019.02.22"]
[SourceQuality "1"]

1. e4 e5 2. Nf3 Nc6 3. Bb5 Nf6 4. O-O Nxe4 5. Bxc6 dxc6 6. Nxe5 Be6 7. Qe2 Qd5
8. Nc3 Qxe5 9. d4 Qxd4 10. Nxe4 O-O-O 11. Bg5 Re8 12. Rfd1 Qe5 13. f4 Qb5 14.
Qf3 Be7 15. Bxe7 Rxe7 16. Nc3 Qc5+ 17. Kh1 Rhe8 18. h3 Bf5 19. Qh5 g6 20. Qg5
Qe3 21. Rf1 b6 22. Rf3 Qd2 23. Raf1 Re1 24. Qf6 h5 25. Qxc6 Kb8 26. Rxe1 Rxe1+
27. Kh2 Re6 28. Qa4 Qxc2 29. Qa6 Be4 30. Rg3 Bb7 31. Qa3 c5 32. Nb5 a6 33. Qc3
Qxc3 34. Nxc3 Rf6 35. Re3 Rxf4 36. Re2 Rd4 37. Re8+ Kc7 38. Re7+ Rd7 39. Re2
Bc6 40. Kg3 b5 41. Ne4 Bxe4 42. Rxe4 Kd6 43. Re8 Kd5 44. Ra8 Rd6 45. Ra7 f6 46.
Kf4 c4 47. Rg7 g5+ 48. Kf5 b4 49. Rb7 c3 50. bxc3 bxc3 51. Rb1 Kc4 52. g4 hxg4
53. hxg4 c2 54. Rb8 Kd3 0-1

[Event "Madrid-ch 2018-2019 - Previa A"]
[Site "Madrid ESP"]
[Date "2019.02.04"]
[Round "2.4"]
[White "Esteban Amo, Jose M"]
[Black "Cruz Gonzalez, Antonio"]
[Result "1-0"]
[WhiteElo "1918"]
[BlackElo "1790"]
[PlyCount "71"]
[EventDate "2019.02.04"]
[EventType "swiss"]
[EventRounds "9"]
[EventCountry "ESP"]
[SourceTitle "Ajedrez en Madrid"]
[Source "lmi"]
[SourceDate "2019.02.04"]
[SourceVersion "1"]
[SourceVersionDate "2019.02.22"]
[SourceQuality "1"]

1. d4 Nf6 2. Bf4 d6 3. e3 g6 4. Be2 Bg7 5. h3 Nbd7 6. Nf3 c5 7. c3 Ne4 8. Nbd2
Ndf6 9. O-O O-O 10. Bd3 d5 11. Ne5 Nxd2 12. Qxd2 c4 13. Bc2 Nh5 14. Bh2 f5 15.
b3 b5 16. bxc4 bxc4 17. Rab1 Nf6 18. f3 Bd7 19. Rb2 a5 20. Rfb1 a4 21. Rb7 Qe8
22. Qd1 Bc6 23. R7b6 Bd7 24. R1b4 a3 25. Qb1 e6 26. Rb7 Bc6 27. Rc7 Ba4 28.
Bxa4 Rxa4 29. Rbb7 Bh6 30. Kf2 Ra8 31. Nc6 Rc8 32. Ne7+ Kh8 33. Rxc8 Qxc8 34.
Nxc8 Ne4+ 35. fxe4 fxe4+ 36. Ke2 1-0

[Event "Madrid-ch 2018-2019 - Previa A"]
[Site "Madrid ESP"]
[Date "2019.02.04"]
[Round "2.5"]
[White "Fernandez Rios, Jose Francisco"]
[Black "Cabañas Bravo, Juan Andres"]
[Result "0-1"]
[WhiteElo "1780"]
[BlackElo "1916"]
[PlyCount "62"]
[EventDate "2019.02.04"]
[EventType "swiss"]
[EventRounds "9"]
[EventCountry "ESP"]
[SourceTitle "Ajedrez en Madrid"]
[Source "lmi"]
[SourceDate "2019.02.04"]
[SourceVersion "1"]
[SourceVersionDate "2019.02.22"]
[SourceQuality "1"]

1. d4 Nf6 2. c4 c5 3. d5 b5 4. cxb5 a6 5. b6 Qxb6 6. Nc3 d6 7. e4 g6 8. Nf3 Bg4
9. Be2 Bxf3 10. Bxf3 Nbd7 11. O-O Bg7 12. Be2 O-O 13. Kh1 Qb4 14. a3 Qb7 15. f4
Rfc8 16. Bf3 Rab8 17. Re1 Qb3 18. Qxb3 Rxb3 19. e5 Ne8 20. Bg4 Rb7 21. exd6
exd6 22. Re7 Rd8 23. Bd2 Bf6 24. Re2 Rxb2 25. Rae1 Rxd2 26. Bxd7 Bxc3 27. Rxd2
Bxd2 28. Rxe8+ Rxe8 29. Bxe8 Bxf4 30. Kg1 Kf8 31. Bc6 c4 0-1

[Event "Madrid-ch 2018-2019 - Previa A"]
[Site "Madrid ESP"]
[Date "2019.02.04"]
[Round "2.6"]
[White "Vazquez Gonzalez, Jesus"]
[Black "Jimenez Jimenez, Darfo"]
[Result "1-0"]
[WhiteElo "1916"]
[BlackElo "1775"]
[PlyCount "129"]
[EventDate "2019.02.04"]
[EventType "swiss"]
[EventRounds "9"]
[EventCountry "ESP"]
[SourceTitle "Ajedrez en Madrid"]
[Source "lmi"]
[SourceDate "2019.02.04"]
[SourceVersion "1"]
[SourceVersionDate "2019.02.22"]
[SourceQuality "1"]

1. c4 e5 2. g3 d6 3. Bg2 f5 4. e3 Nf6 5. Ne2 Be7 6. Nbc3 O-O 7. O-O Nc6 8. d4
Qe8 9. d5 Nb8 10. f4 a5 11. Nb5 Na6 12. Bd2 e4 13. Bxa5 Bd8 14. h3 b6 15. Be1
Nc5 16. Nc1 Bd7 17. Nd4 Kh8 18. b3 b5 19. Nxb5 Bxb5 20. cxb5 Qxb5 21. Rf2 Re8
22. Bf1 Nd3 23. Nxd3 exd3 24. Qxd3 Qxd3 25. Bxd3 Rxe3 26. Bxf5 Rxg3+ 27. Kh2
Re3 28. Bd2 Re8 29. a4 Nxd5 30. Bd7 Bf6 31. Bxe8 Rxe8 32. Rd1 Bh4 33. Rf3 Re2+
34. Kg1 c5 35. Bc1 Nf6 36. Rxd6 Ne4 37. Rd1 h6 38. f5 Ng5 39. Bxg5 Bxg5 40.
Rdd3 Bf6 41. Kf1 Rb2 42. Rf2 Rb1+ 43. Ke2 Rb2+ 44. Kf3 Rb1 45. Ke4 Bd4 46. Rff3
Re1+ 47. Kd5 Re5+ 48. Kd6 Re8 49. Kd7 Rb8 50. Kc7 Be5+ 51. Kc6 Rc8+ 52. Kb5 Bd4
53. Rd1 Rb8+ 54. Kc6 Rc8+ 55. Kb7 Rf8 56. a5 Rf7+ 57. Kc6 Rf6+ 58. Kb5 Rf8 59.
Rxd4 cxd4 60. a6 d3 61. Rxd3 Rxf5+ 62. Kb6 Rf6+ 63. Kb7 Rf7+ 64. Kc8 Ra7 65.
Rd6 1-0

[Event "Madrid-ch 2018-2019 - Previa A"]
[Site "Madrid ESP"]
[Date "2019.02.04"]
[Round "2.7"]
[White "Garcia Sanz, Eduardo"]
[Black "Gueler Berdasco, Martin"]
[Result "0-1"]
[WhiteElo "1775"]
[BlackElo "1904"]
[PlyCount "86"]
[EventDate "2019.02.04"]
[EventType "swiss"]
[EventRounds "9"]
[EventCountry "ESP"]
[SourceTitle "Ajedrez en Madrid"]
[Source "lmi"]
[SourceDate "2019.02.04"]
[SourceVersion "1"]
[SourceVersionDate "2019.02.22"]
[SourceQuality "1"]

1. Nf3 Nf6 2. g3 g6 3. b3 Bg7 4. Bb2 O-O 5. d4 c5 6. dxc5 Na6 7. Bg2 Nxc5 8.
O-O d6 9. Nbd2 Bd7 10. e3 Bc6 11. Nd4 Bxg2 12. Kxg2 Qd7 13. Qe2 Rfc8 14. N4f3
b5 15. c4 Rab8 16. Rac1 b4 17. e4 a5 18. Ne1 Nfxe4 19. Bxg7 Nxd2 20. Qxd2 Kxg7
21. h4 Qf5 22. f3 h5 23. Qd4+ Qf6 24. Nc2 Qxd4 25. Nxd4 a4 26. Rce1 axb3 27.
axb3 e5 28. Nb5 Nxb3 29. Nxd6 Rc6 30. Rd1 Nd4 31. c5 Rxc5 32. f4 Nf5 33. Nxf5+
gxf5 34. fxe5 Rxe5 35. Kf3 Kf6 36. Rd6+ Re6 37. Rd2 b3 38. Rb1 Rc6 39. Rbb2
Rc3+ 40. Kf2 Rbc8 41. Rd6+ Ke5 42. Rdd2 Rc2 43. Ke1 Rxd2 0-1

[Event "Madrid-ch 2018-2019 - Previa A"]
[Site "Madrid ESP"]
[Date "2019.02.04"]
[Round "2.8"]
[White "Jimenez Gonzalez, Marcos"]
[Black "Garcia Prados, David"]
[Result "1-0"]
[WhiteElo "1757"]
[BlackElo "1880"]
[PlyCount "93"]
[EventDate "2019.02.04"]
[EventType "swiss"]
[EventRounds "9"]
[EventCountry "ESP"]
[SourceTitle "Ajedrez en Madrid"]
[Source "lmi"]
[SourceDate "2019.02.04"]
[SourceVersion "1"]
[SourceVersionDate "2019.02.22"]
[SourceQuality "1"]

1. c4 Nf6 2. g3 g6 3. Nc3 Bg7 4. Bg2 d6 5. e4 c5 6. d3 O-O 7. Nge2 Nc6 8. O-O
Rb8 9. h3 Bd7 10. Be3 a6 11. Rc1 b5 12. b3 e6 13. Qd2 Re8 14. f4 b4 15. Na4 Ne7
16. e5 Bxa4 17. exf6 Bxf6 18. bxa4 Qa5 19. g4 Qxa4 20. d4 Rec8 21. f5 exf5 22.
Bg5 Bxg5 23. Qxg5 Qxa2 24. Qxe7 Re8 25. Qxd6 Qxe2 26. Rce1 Qxe1 27. Rxe1 Rxe1+
28. Kf2 Ree8 29. gxf5 b3 30. Be4 Rbd8 31. Qf6 b2 32. fxg6 fxg6 33. Qb6 Rf8+ 34.
Kg2 Rb8 35. Qe6+ Kg7 36. Qe5+ Kh6 37. Bb1 cxd4 38. Qxd4 Rb3 39. c5 Rff3 40.
Qh4+ Kg7 41. c6 Rfc3 42. Qd4+ Kh6 43. Qh4+ Kg7 44. Qe7+ Kh6 45. c7 Rg3+ 46. Kf2
Rgc3 47. Qf8+ 1-0